LEADER 01911nam a2200385 a 4500 001 000000125203 003 CaOOAMICUS 005 20110504141104.0 008 110504s2010 it af u000 u ita r 020 $a978-88-6512-026-2 040 $aPUL$bita 041 1 $aita$hlat 082 04$a248 100 1 $aGiustiniani, Lorenzo,$cs.,$d1381-1456.$0(OLS)http://pul/name/52380 240 10$aDe oboedientia, de humilitate.$lItaliano.$0(OLS)http://pul/title/157846 245 12$aL'obbedienza e l'umiltą /$csan Lorenzo Giustiniani ; traduzione di Mons. Attilio Costantini ; revisione e cura di Anna Rinaldin ; coordinamento della revisione testuale dell'Opera omnia di Alessio Cotugno. 260 $aVenezia :$bMarcianum Press,$c©2010$aVenezia :$bRegione del Veneto,$c©2010. 300 $aXXI, 357 p., [1] c. di tav. :$bill. ;$c25 cm 490 1 $aOpera omnia ;$v6 500 $aInclude indice. 650 4$aObbedienza.$0(OLS)http://pul/subject/19955 650 4$aUmiltą.$0(OLS)http://pul/subject/15682 700 1 $aCostantini, Attilio.$0(OLS)http://pul/name/12608 700 1 $aRinaldin, Anna.$0(OLS)http://pul/name/79183 700 1 $aCotugno, Alessio.$0(OLS)http://pul/name/77648 800 1 $aGiustiniani, Lorenzo,$cs.,$d1381-1456.$tOpera omnia ;$v6.$0(OLS)http://pul/nameTitle/1403$0(OLS)http://pul/name/52380$0(OLS)http://pul/title/2415 850 $aPUL 852 $aPUL$W1$xSL Religione 3$y85$m248 GIULO 1.6$j144159$qDDC 21$B143194$CPULBib$Z2$F143194 $H116497 $82 941 1 $a9 996 $6020$a978-88-6512-026-2$9(OLS)http://pul/number/147054 996 $6082$a248$9(OLS)http://pul/classification/457 996 $6245$aL'obbedienza e l'umiltą$9(OLS)http://pul/title/157845 996 $6260$aVenezia :$bMarcianum Press$9(OLS)http://pul/publisher/79046 996 $6260$aVenezia :$bRegione del Veneto$9(OLS)http://pul/publisher/81433 LEADER 01364nam a2200313 a 4500 001 000000147919 003 CaOOAMICUS 005 20151203104037.0 008 151203s2016 gw u000 u ger r 020 $a9783319210643* 032 $aLibriCat 040 $aPUL$bita 100 1 $aKühn, Rolf.$0(OLS)http://pul/name/94505 245 10$aWie das Leben spricht: Narrativita?t als radikale Lebenspha?nomenologie :$bneuere Studien zu Michel Henry /$cRolf Kühn. 260 $aHeidelberg :$bSpringer,$c©2016. 300 $ax, 379 p. ;$c24 cm. 490 1 $aPhaenomenologica ;$v218 500 $aInclude indice. 500 $aVolume in distribuzione gią dal 2015. 504 $aBibliografia nelle note. 600 14$aHenry, Michel,$d1922-2002.$0(OLS)http://pul/subject/28016 830 0$aPhaenomenologica ;$v218.$0(OLS)http://pul/title/17674 850 $aPUL 852 $aPUL$W1$xSL Filosofia 2$y80$mPhil A5 218$j170756$qStampati Altre Collocazioni$B171739$CPULBib$Z2$F171739 $H126690 $81 941 1 $a10 996 $6020$a9783319210643*$9(OLS)http://pul/number/159174 996 $6245$aWie das Leben spricht: Narrativita?t als radikale Lebenspha?nomenologie :$bneuere Studien zu Michel Henry$9(OLS)http://pul/title/186652 996 $6260$aHeidelberg :$bSpringer$9(OLS)http://pul/publisher/82463